000 005660000a22002170004500
999 _c48819
_d48819
001 1661
003 CO-MdFUSB
005 20171006160720.0
008 170818b xxu||||| |||| 00| 0 eng d
020 _a978-84-666-3383-3
040 _cCO-MdBIC
082 0 4 _a790 H191wl
100 1 _aHandford, Martin
245 1 0 _aEl libro mágico / Martin Handford ; traducción Jaume Ribera
250 _a1a ed.
260 _aBarcelona : Ediciones B, S. A.
300 _a[28 P.]
500 _aTítulo original "The Wondew Book"
650 1 4 _aRecreación
942 _cLGB